01472cas a2200241 a 4500001001000000003000900010005001700019008004100036040002500077245002600102260003800128300002000166310001100186362010600197500005700303580033500360700003300695785009100728785009200819785010200911785009201013785012501105000001404DO-SdBNP20250711101320.0750727d18981927fr ar 0 0fre d aDO-SdBNPbspacBNPHU02aL'Annee sociologique. aParis :bFelix Alcan,c1898-1927. a14 v. ;c23 cm. aAnnual0 a1ere annee (1896-1897)-t. 12 (1909-1912) ; Nouv. ser., t. 1 (1923-1924)-nouv. ser., t. 2 (1924-1925). aFounded and for some years edited by Emile Durkheim. aSplit into: Annales sociologiques. Serie A, Sociologie generale; Annales sociologiques. Serie B, Sociologie religieuse; Annales sociologiques. Serie C, Sociologie juridique et morale; Annales sociologiques. Serie D, Sociologie economique; and: Annales sociologiques. Serie E, Morphologie sociale, langage, technologie, esthetique.1 aDurkheim, Emile,d1858-1917.16tAnnales sociologiques. Serie A, Sociologie generalew(DLC)sn 90025011w(OCoLC)2118720616tAnnales sociologiques. Serie B, Sociologie religieusew(DLC)sn 90025012w(OCoLC)950740016tAnnales sociologiques. Serie C, Sociologie juridique et moralew(DLC)sn 90025013w(OCoLC)2118736716tAnnales sociologiques. Serie D, Sociologie economiquew(DLC)sn 90025014w(OCoLC)950752016tAnnales sociologiques. Serie E, Morphologie sociale, langage, technologie, esthetiquew(DLC)sn 90025015w(OCoLC)21187582